Painting and sculpture in Europe 1880-1940
The book traces the origins and growth of modern art, assessing the intrinsic qualities of individual works and describing the social forces in play. The results is an authoritative guide through the forest of artistic labels - Impressionism and Expressionism, Symbolism, Cubism, Constructivism, Surr...
Gardado en:
| Autor Principal: | |
|---|---|
| Formato: | Libro |
| Idioma: | Undetermined |
| Publicado: |
New York
Viking Penguin
1983
|
| Những chủ đề: | |
| Các nhãn: |
Engadir etiqueta
Sen Etiquetas, Sexa o primeiro en etiquetar este rexistro!
|
| Thư viện lưu trữ: | Trung tâm Học liệu Trường Đại học Cần Thơ |
|---|
| LEADER | 01127nam a2200193Ia 4500 | ||
|---|---|---|---|
| 001 | CTU_18573 | ||
| 008 | 210402s9999 xx 000 0 und d | ||
| 082 | |a 759.4 | ||
| 082 | |b H218 | ||
| 100 | |a Gorge Heard Hamilton | ||
| 245 | 0 | |a Painting and sculpture in Europe 1880-1940 | |
| 245 | 0 | |c Gorge Heard Hamilton | |
| 260 | |a New York | ||
| 260 | |b Viking Penguin | ||
| 260 | |c 1983 | ||
| 520 | |a The book traces the origins and growth of modern art, assessing the intrinsic qualities of individual works and describing the social forces in play. The results is an authoritative guide through the forest of artistic labels - Impressionism and Expressionism, Symbolism, Cubism, Constructivism, Surrealism, etc. - and to the achievements of Degas and Cézanne, Ensor and Munch, Matisse and Kandinsky, Picasso, Braque and Epstein, Mondrian, Dali, Modigliani, Utrillo and Chagall, Klee, Henry Moore and many other artists in a revolutionary age | ||
| 650 | |a painting, modern - 19th century - history,painting, modern - 20th century - history | ||
| 904 | |i Minh, 970919 | ||
| 980 | |a Trung tâm Học liệu Trường Đại học Cần Thơ | ||